Quiz sur le "Mass Transit" ferroviaire en Ile-de-France #1 - Statistiques

Statistiques générales
  • Ce quiz a été pris 175 fois
    159 depuis la dernière actualisation
  • Le résultat moyen est 12 sur 19
Statistiques - réponses
Hint Réponse % Correct
Quelle ligne de RER dessert 3 des 10 sites culturels les plus visités de France ? RER C
98%
Quelle gare située en Ile-de-France est la plus fréquentée d’Europe ? Gare du Nord
97%
Quelles sont les deux lignes qui partagent leur infrastructure entre Chatelet et Gare du Nord ? B,D
90%
Quelle est la plus longue ligne opérée par Transilien SNCF (faisant 161km de long) ? RER D
85%
Citer un département hors Ile-de-France desservi par le RER. Loiret/Oise
76%
Citer une ligne opérée par Transilien sans aucune gare dans Paris intra-muros. U/V
76%
Citer une gare de RER ou de métro portant le nom d'une femme. Louise Michel/Europe Simone Veil/Boucicaut/Pierre et Marie-Curie/Madeleine/Chardon-Lagache/Barbès – Rochechouart/Barbara/Bagneux - Lucie Aubrac/Rosa Parks/
73%
Qui était président en France lors de l’inauguration du RER A ? Valéry Giscard d'Estaing
69%
A la fin de la décennie, quelle sera la ligne de métro ou de train la plus interconnectée au réseau de train et en Ile-de-France ? 15
65%
Quel est l'écartement des rails de train sur la plupart des lignes de France ? (en cm, à 5cm près) 143,5
56%
Combien de trains par heure et par sens circulent sur le RER B en heure de pointe (si tout va bien) ? 20
55%
Sur le RER C, des travaux ont lieu chaque été, quel est le nom de ces opérations ? CASTOR
55%
En 1983, dans quelle ville de France a-t-on ouvert la première ligne automatique, tout mode confondu ? Lille
53%
Quel est l'acronyme des projets de transports équivalents aux RER en dehors de Paris ? SERM
45%
Citer dans l'ordre, toutes les lettres qui ne correspondent à aucune ligne de train en Ile-de-France FGIMOQSTWXYZ
42%
Lors d’un incident, l’information voyageur vous communique une « HRE », que signifie cet acronyme ? Heure de Reprise Estimée
37%
Quelle est la gare la plus au Sud desservie par le RER ? Malesherbes
37%
Quel est l'âge moyen du réseau ferré en Ile-de-France (en 2022) ? 22
34%
Quelle station de métro parisien est célèbre pour accueillir régulièrement des tournages de cinéma ? Porte des Lilas-cinéma
31%
Aucun quiz correspondant
Distribution des résultats
% des personnes avec chaque résultat
Percentile par nombre de réponses
Votre historique - résultats
Vous n’avez pas pris ce quiz depuis la dernière actualisation